| 000 | 00351nam a22001337a 4500 | ||
|---|---|---|---|
| 082 |
_a363.7392 _bRAO _cL-18, P-59 |
||
| 100 |
_aRao M N _95909 |
||
| 245 | _aAir Pollution | ||
| 260 |
_aNew Delhi _bMcGraw Hill Pub Company _c1989 |
||
| 300 |
_a339p. _bIll _c24 cm |
||
| 526 |
_a0 _b0 _c0 _d363_739200000000000_RAO |
||
| 650 |
_aMCE _9379 |
||
| 942 |
_2ddc _cBK |
||
| 999 |
_c542842 _d542842 |
||